00921nas a2200229Ia 4500001001100000003000900011008004100020040001300061040001300074041001300087100004800100210001900148222001900167245012600186250001100312260005100323501008600374300001900460362003400479500013900513650003900652R452/B9110IT-RoPAU151124c99999999xx |||||||||||| ||und|| aIT-RoPAU cIT-RoPAU aITALIANO aSchiatti LambertogCodice Aut. SPICS: 1497 aVITA PASTORALE aVita Pastorale aVITA PASTORALE, ANNO 81-N.10 (OTTOBRE 1993)bUn'Intesa Possibile E A Portata di Mano-Scuola, Mass Media, Evangelizzazione a1a ed. aMILANObSOCIETA' S. PAOLO GRUPPO PERIOD.c1993 bPaulus - SPICS - Società San Paolo EM (non-commercial uses only)cCopyright2015 a4 p. [141-144] aANNO 081, N.10 (OTTOBRE 1993) aAudiovisivo Oltre il Bricolage Pedagogico. Zoccolo Duro del Moralismo. Dalsemplice Trasmettere al Comunicare. Audiovisivo in Concreto. aPASTORALEvPUBBLICAZIONE PERIODICA